A first course in database systems

Written by well-known computer scientists, this accessible and succinct introduction to database systems focuses on database design and use. It provides in-depth coverage of databases from the point of view of the database designer, user, and application programmer. The authors provide an overview o...

Full description

Saved in:
Bibliographic Details
Main Author: Ullman, Jefferey D.
Format: Book
Language:Undetermined
Published: New Jersey Prenticice Hall 2008
Subjects:
Tags: Add Tag
No Tags, Be the first to tag this record!
Institutions: Trung tâm Học liệu Trường Đại học Cần Thơ
LEADER 01129nam a2200205Ia 4500
001 CTU_153300
008 210402s9999 xx 000 0 und d
020 |c 18.70 
082 |a 005.74 
082 |b U41 
100 |a Ullman, Jefferey D. 
245 2 |a A first course in database systems 
245 0 |c Jefferey D. Ullman, Jennifer Widom 
260 |a New Jersey 
260 |b Prenticice Hall 
260 |c 2008 
520 |a Written by well-known computer scientists, this accessible and succinct introduction to database systems focuses on database design and use. It provides in-depth coverage of databases from the point of view of the database designer, user, and application programmer. The authors provide an overview of important programming systems (e.g., SQL, JDBC, PSM, CLI, PHP, XQuery, etc.) and the intellectual framework to put them into context. For software engineers, database engineers, and programmers. 
650 |a Databases,Database design,Thiết kế cơ sở dữ liệu,Cơ sở dữ liệu 
904 |i Trọng Hiếu 
980 |a Trung tâm Học liệu Trường Đại học Cần Thơ